<?xml version="1.0" encoding="UTF-8"?>
<collection xmlns="http://www.loc.gov/MARC21/slim">
 <record>
  <leader>02321caa a2200457   4500</leader>
  <controlfield tag="001">1552245667</controlfield>
  <controlfield tag="003">DE-627</controlfield>
  <controlfield tag="005">20210814054712.0</controlfield>
  <controlfield tag="007">cr cn 008aaaaa</controlfield>
  <controlfield tag="008">170124s2003    xx |||||oo    00| ||ger c</controlfield>
  <datafield tag="024" ind1="7" ind2=" ">
   <subfield code="a">urn:nbn:de:bsz:16-jfk-342330</subfield>
   <subfield code="2">urn</subfield>
  </datafield>
  <datafield tag="024" ind1="7" ind2=" ">
   <subfield code="a">10.11588/jfk.2003.3.34233</subfield>
   <subfield code="2">doi</subfield>
  </datafield>
  <datafield tag="035" ind1=" " ind2=" ">
   <subfield code="a">(DE-627)1552245667</subfield>
  </datafield>
  <datafield tag="035" ind1=" " ind2=" ">
   <subfield code="a">(DE-576)482245662</subfield>
  </datafield>
  <datafield tag="035" ind1=" " ind2=" ">
   <subfield code="a">(DE-599)BSZ482245662</subfield>
  </datafield>
  <datafield tag="035" ind1=" " ind2=" ">
   <subfield code="a">(OCoLC)1263848309</subfield>
  </datafield>
  <datafield tag="040" ind1=" " ind2=" ">
   <subfield code="a">DE-627</subfield>
   <subfield code="b">ger</subfield>
   <subfield code="c">DE-627</subfield>
   <subfield code="e">rda</subfield>
  </datafield>
  <datafield tag="041" ind1=" " ind2=" ">
   <subfield code="a">ger</subfield>
  </datafield>
  <datafield tag="084" ind1=" " ind2=" ">
   <subfield code="a">KUNST</subfield>
   <subfield code="q">DE-16</subfield>
   <subfield code="2">fid</subfield>
  </datafield>
  <datafield tag="100" ind1="1" ind2=" ">
   <subfield code="a">Oelsner, Norbert</subfield>
   <subfield code="d">1953-</subfield>
   <subfield code="e">VerfasserIn</subfield>
   <subfield code="0">(DE-588)139028595</subfield>
   <subfield code="0">(DE-627)607773480</subfield>
   <subfield code="0">(DE-576)256425523</subfield>
   <subfield code="4">aut</subfield>
  </datafield>
  <datafield tag="245" ind1="1" ind2="0">
   <subfield code="a">[Rezension von: Günter Passavant, Wolf Caspar von Klengel]</subfield>
   <subfield code="c">Norbert Oelsner, Landesamt für Denkmalpflege Sachsen, Dresden</subfield>
  </datafield>
  <datafield tag="264" ind1=" " ind2="1">
   <subfield code="a">Regensburg</subfield>
   <subfield code="b">Schnell und Steiner</subfield>
   <subfield code="c">2003</subfield>
  </datafield>
  <datafield tag="264" ind1=" " ind2="0">
   <subfield code="a">Heidelberg</subfield>
   <subfield code="b">arthistoricum.net</subfield>
   <subfield code="c">2017</subfield>
  </datafield>
  <datafield tag="336" ind1=" " ind2=" ">
   <subfield code="a">Text</subfield>
   <subfield code="b">txt</subfield>
   <subfield code="2">rdacontent</subfield>
  </datafield>
  <datafield tag="337" ind1=" " ind2=" ">
   <subfield code="a">Computermedien</subfield>
   <subfield code="b">c</subfield>
   <subfield code="2">rdamedia</subfield>
  </datafield>
  <datafield tag="338" ind1=" " ind2=" ">
   <subfield code="a">Online-Ressource</subfield>
   <subfield code="b">cr</subfield>
   <subfield code="2">rdacarrier</subfield>
  </datafield>
  <datafield tag="500" ind1=" " ind2=" ">
   <subfield code="a">Elektronische Reproduktion der Druckausgabe</subfield>
  </datafield>
  <datafield tag="583" ind1="1" ind2=" ">
   <subfield code="a">Archivierung/Langzeitarchivierung gewährleistet</subfield>
   <subfield code="2">pdager</subfield>
   <subfield code="5">DE-16</subfield>
  </datafield>
  <datafield tag="655" ind1=" " ind2="7">
   <subfield code="a">Rezension</subfield>
   <subfield code="0">(DE-588)4049712-4</subfield>
   <subfield code="0">(DE-627)106186019</subfield>
   <subfield code="0">(DE-576)209083166</subfield>
   <subfield code="2">gnd-content</subfield>
  </datafield>
  <datafield tag="773" ind1="0" ind2="8">
   <subfield code="i">Enthalten in</subfield>
   <subfield code="t">Journal für Kunstgeschichte</subfield>
   <subfield code="d">Regensburg : Schnell und Steiner, 2016</subfield>
   <subfield code="g">7(2003), 3, Seite 228-234</subfield>
   <subfield code="h">Online-Ressource</subfield>
   <subfield code="w">(DE-627)856404578</subfield>
   <subfield code="w">(DE-600)2851742-8</subfield>
   <subfield code="w">(DE-576)467800618</subfield>
   <subfield code="x">2509-2510</subfield>
   <subfield code="7">nnns</subfield>
  </datafield>
  <datafield tag="773" ind1="1" ind2="8">
   <subfield code="g">volume:7</subfield>
   <subfield code="g">year:2003</subfield>
   <subfield code="g">number:3</subfield>
   <subfield code="g">pages:228-234</subfield>
  </datafield>
  <datafield tag="787" ind1="0" ind2="8">
   <subfield code="i">Rezension von</subfield>
   <subfield code="a">Passavant, Günter, 1928 - 2014</subfield>
   <subfield code="t">Wolf Caspar von Klengel</subfield>
   <subfield code="d">München : Dt. Kunstverl., 2001</subfield>
   <subfield code="h">472 S.</subfield>
   <subfield code="w">(DE-627)329561707</subfield>
   <subfield code="w">(DE-576)094197830</subfield>
   <subfield code="z">3422062998</subfield>
  </datafield>
  <datafield tag="856" ind1="4" ind2="0">
   <subfield code="u">http://nbn-resolving.de/urn:nbn:de:bsz:16-jfk-342330</subfield>
   <subfield code="x">Verlag</subfield>
   <subfield code="x">Resolving-System</subfield>
   <subfield code="z">kostenfrei</subfield>
   <subfield code="3">Volltext</subfield>
  </datafield>
  <datafield tag="856" ind1="4" ind2="0">
   <subfield code="u">http://dx.doi.org/10.11588/jfk.2003.3.34233</subfield>
   <subfield code="x">Verlag</subfield>
   <subfield code="x">Resolving-System</subfield>
   <subfield code="z">kostenfrei</subfield>
   <subfield code="3">Volltext</subfield>
  </datafield>
  <datafield tag="935" ind1=" " ind2=" ">
   <subfield code="h">SWB</subfield>
   <subfield code="i">ld</subfield>
  </datafield>
  <datafield tag="936" ind1="u" ind2="w">
   <subfield code="d">7</subfield>
   <subfield code="j">2003</subfield>
   <subfield code="e">3</subfield>
   <subfield code="h">228-234</subfield>
  </datafield>
  <datafield tag="951" ind1=" " ind2=" ">
   <subfield code="a">AR</subfield>
  </datafield>
  <datafield tag="994" ind1=" " ind2=" ">
   <subfield code="u">https://journals.ub.uni-heidelberg.de/index.php/jfk/article/download/34233/27916/105546</subfield>
  </datafield>
  <datafield tag="994" ind1=" " ind2=" ">
   <subfield code="u">https://journals.ub.uni-heidelberg.de/index.php/jfk/article/download/34233/27916/105546</subfield>
  </datafield>
  <datafield tag="991" ind1=" " ind2=" ">
   <subfield code="a">Rezension (Monographie, Zeitschrift, Aufsatz)</subfield>
  </datafield>
  <datafield tag="999" ind1=" " ind2=" ">
   <subfield code="a">KXP-PPN1552245667</subfield>
   <subfield code="e">4129475916</subfield>
  </datafield>
 </record>
</collection>
